Engineers Created A New Bionic Arm That Can Grow With You

El nuevo diseǫ liviano de Open Bionics utiliza una impresora 3D para construir la mano en cuatro partes separadas, hechas a medida para adaptarse al paciente por medio de escaneos de su cuerpo. Los sensores unidos a la piel detectan los movimientos musculares del usuario que se pueden usar para con...

Descrizione completa

Salvato in:
Dettagli Bibliografici
Altri autori: YouTube
Natura: Libro
Lingua:inglese
Soggetti:
Accesso online:Engineers Created A New Bionic Arm That Can Grow With You
Tags: Aggiungi Tag
Nessun Tag, puoi essere il primo ad aggiungerne!!

MARC

LEADER 00000nam a22000004a 4500
001 vpro14971
005 20201223000000.0
008 190902s2019 ck # g## #001 0#eng#d
020
022
040 |a CO-BoINGC 
041 0 |a eng 
245 1 0 |a Engineers Created A New Bionic Arm That Can Grow With You 
246 |a Ingenieros crean nuevo brazo bin̤ico que puede crecer contigo 
264 |a Bogot ̀(Colombia) :  |b Revista VirtualPRO,  |c 2019 
520 3 |a El nuevo diseǫ liviano de Open Bionics utiliza una impresora 3D para construir la mano en cuatro partes separadas, hechas a medida para adaptarse al paciente por medio de escaneos de su cuerpo. Los sensores unidos a la piel detectan los movimientos musculares del usuario que se pueden usar para controlar la mano y abrir y cerrar los dedos. 
650 \ \ |a Biomecǹica 
650 \ \ |a Biomechanics 
650 \ \ |a Brazo bin̤ico 
650 \ \ |a Impresoras 3D 
650 \ \ |a Biomecǹica 
650 \ \ |a Bioingeniera̕ 
650 \ \ |a Bionic Arm 
650 \ \ |a 3D printing 
650 \ \ |a Biomechanics 
650 \ \ |a Bioengineering  
700 \ \ |a YouTube 
856 |z Engineers Created A New Bionic Arm That Can Grow With You  |u https://virtualpro.unach.elogim.com/biblioteca/ingenieros-crean-nuevo-brazo-bionico-que-puede-crecer-contigo